000 00693nam a22002057a 4500
003 UA-OsUOA
001 9921
007 ta
008 20041129b un ||||| |||| 00| 0 ukr d
100 _aОрленко П.
942 _cSA
040 _aUA-OsUOA
_bukr
_cUA-OsUOA
_dUA-OsUOA
245 _aКанадська Україна зблизька
_b[ Про презентацію кн. " Роздуми на мосту з двобічним рухом ]
300 _aС.2
955 _a0
041 _aukr
044 _aUA
773 0 _w0
_tЛітературна Україна
_dКиїв
_d2004
_g№46 /25листоп./
650 7 _aУкраїнське літературознавство
_2UDC
999 _c296082
_d296082